| 000 | 00646nam a2200181Ia 4500 | ||
|---|---|---|---|
| 003 | GCL | ||
| 008 | 140319s9999 xx 000 0 ara d | ||
| 040 |
_aGCL / _cGCL |
||
| 082 | 0 | 4 |
_aق _b962.06 _bا ك |
| 245 | 1 | 0 | _aالكاتب: عدد خاص عن ثورة 23 يوليو |
| 300 | _a159 ص | ||
| 490 |
_aالهيئة العامة للاستعلامات _v0 |
||
| 650 | 0 | 4 | _aثورة 23 يوليو 1952 |
| 650 | 0 | 4 | _aمصر - تاريخ - العصر الحديث (1805 - 1956 ) |
| 650 | 0 | 4 | _aمصر - تاريخ - عصر الثورات |
| 650 | 0 | 4 | _aمصر - تاريخ - العصر الحديث - ثورة 23 يوليو 1952 |
| 942 |
_2ddc _cBK |
||
| 999 |
_c51061 _d51061 |
||